Loading...
| Social Science | 1 | 4 | 0 | 1 | 55 | 64 | 100.20 | 2 | 5 |
| Philosophy | 0 | 5 | 1 | 1 | 45 | 80 | 106.00 | 0 | 4 |
| Literature - British Literature | 0 | 3 | 0 | 1 | 30 | 123 | 131.00 | 0 | 1 |
| Literature - World Literature | 0 | 3 | 0 | 0 | 30 | 101 | 124.33 | 1 | 2 |
| Fine Arts - Other Arts | 0 | 3 | 0 | 1 | 30 | 121 | 127.33 | 0 | 2 |
| History - American History | 1 | 1 | 0 | 1 | 25 | 41 | 84.50 | 0 | 2 |
| Science - Chemistry | 0 | 3 | 1 | 2 | 25 | 113 | 119.67 | 0 | 1 |
| Literature - European Literature | 0 | 2 | 0 | 0 | 20 | 95 | 108.00 | 0 | 2 |
| Science - Physics | 0 | 2 | 0 | 1 | 20 | 129 | 132.50 | 0 | 0 |
| Science - Other Science | 0 | 2 | 0 | 2 | 20 | 128 | 130.50 | 0 | 0 |
| History - European History | 0 | 2 | 0 | 0 | 20 | 81 | 98.00 | 0 | 2 |
| History - Other History | 0 | 2 | 0 | 1 | 20 | 115 | 118.50 | 0 | 2 |
| Visual Arts | 0 | 2 | 1 | 0 | 15 | 111 | 118.00 | 0 | 1 |
| Literature - American Literature | 1 | 0 | 0 | 0 | 15 | 63 | 63.00 | 0 | 1 |
| Science - Biology | 0 | 2 | 1 | 0 | 15 | 92 | 94.50 | 1 | 1 |
| History - World History | 0 | 1 | 0 | 0 | 10 | 86 | 86.00 | 0 | 1 |
| Geography | 0 | 1 | 0 | 0 | 10 | 105 | 105.00 | 0 | 1 |
| Other Academic | 0 | 1 | 0 | 1 | 10 | 111 | 111.00 | 0 | 0 |
| Beliefs | 0 | 2 | 3 | 1 | 5 | 89 | 106.00 | 0 | 1 |
| Auditory Arts | 0 | 0 | 1 | 0 | -5 | 0.00 | 0 | 0 | |
| History - Ancient History | 0 | 0 | 1 | 0 | -5 | 0.00 | 0 | 0 |